Alton Towers Secret Weapons - Statistics

General Stats
  • This quiz has been taken 34 times
  • The average score is 5 of 6
Answer Stats
Secret Weapon Answer % Correct
Secret Weapon 4 Oblivion
96%
Secret Weapon 3 Nemesis
93%
Secret Weapon 7 The Smiler
93%
Secret Weapon 5 Air
82%
Secret Weapon 6 Th13teen
82%
Secret Weapon 8 Wicker Man
82%
No matching quizzes found
Score Distribution
Percent of People with Each Score
Percentile by Number Answered
Your Score History
You have not taken this quiz